| 000 | 01836nam a2200313 i 4500 | ||
|---|---|---|---|
| 001 | 175554 | ||
| 003 | ES-MaACL | ||
| 005 | 20240102124105.0 | ||
| 008 | 101105s2004 sp h |||| | spa d | ||
| 080 | _a378.4(460.27-25).096:615(09) | ||
| 245 | 0 | 4 |
_aLas enseñanzas de farmacia en Madrid, 1804-2004 / _c[prólogo, Benito del Castillo ; introducción, Francisco Javier Puerto]. |
| 260 |
_a[Madrid : _bUniversidad Complutense de Madrid, Facultad de Farmacia], _c2004. |
||
| 300 |
_a54 p. ; _c30 cm + _e1 facsímil. |
||
| 505 | 8 | _aContiene: [Reimp. de] Sesión conmemorativa del centenario de la construcción del edificio de la Facultad de Farmacia de Madrid, 1927 / discurso del Sr. Casares Gil ; conferencia del Dr. Folch ; discurso-resumen pronunciado por D. José Rodríguez Carracido | |
| 534 |
_pFacs. adjunto: _aEspaña [Cédula, 1804-01-18] : _tReal cédula de S.M. y señores del Consejo, por la qual se aprueban y mandan observar las nuevas Ordenanzas formadas para el régimen y gobierno de la Facultad de Farmacia, _cMadrid : en la Imp. Real, 1804. _e[12] p.; Fol. _nCertifica la copia, Bartolomé Muñoz. |
||
| 597 | _aAmbos folletos guardados en carpeta. | ||
| 597 | _aEjemplar con algunas correcciones manuscritas. | ||
| 610 | 2 | 4 |
_aUniversidad Complutense de Madrid. _bFacultad de Farmacia. _9171281 |
| 650 | 4 |
_aFarmacia- _xEnseñanza. _9152036 |
|
| 700 | 1 |
_aCastillo García, Benito del. _936744 |
|
| 700 | 0 |
_aPuerto Sarmiento, Francisco Javier, _d1950- _994191 |
|
| 700 | 1 |
_aCasares Gil, José, _d1866-1961 _936166 |
|
| 700 | 1 |
_aFolch Andreu, Rafael. _951444 |
|
| 700 | 1 |
_aRodríguez Carracido, José, _d1856-1928 _998407 |
|
| 700 | 1 |
_aMuñoz, Bartolomé. _9143116 |
|
| 710 | 2 |
_aUniversidad Complutense de Madrid. _bFacultad de Farmacia. _9171281 |
|
| 852 |
_aES-MaACL _j2283-F-20 |
||
| 999 |
_c175554 _d175554 |
||